| 000 | 00625nam a2200169 a 4500 | ||
|---|---|---|---|
| 001 | 000037065 | ||
| 005 | 20200930080123.0 | ||
| 008 | 120209s1971 mx 000 0 spa d | ||
| 040 |
_aDO-SdBNP _bspa _cBNPHU |
||
| 082 |
_axxxx _bE19m |
||
| 100 | 1 |
_aEcker, H. Paul. _963476 |
|
| 245 | 1 | 0 |
_aManual para supervisores / _cpor H. Paul Ecker, Vernon Ouellette, John Macrae ; traducido por René Cárdenas Barrios. |
| 260 |
_aMéxico : _bCentro Regional de Ayuda Técnica : _bAgencia Para el Desarrollo Internacional (AIDA), _c1971. |
||
| 300 |
_a221 p. ; _c22 cm. |
||
| 700 | 1 |
_aOuellette,Vernon _963477 |
|
| 700 | 1 |
_aMacrae, John _963478 |
|
| 999 |
_c36555 _d36555 |
||